เปลี่ยนเป็นภาษาไทย

Change to English
 แสดงรายละเอียดบรรณานุกรม
  กลับหน้าหลัก

Brief Record : Get Marc (ISO 2709) : E-mail record : QR code กลับ
E-books : เกี่ยวกับ Collections
LEADER 00000nam 2200000uu 4500
001    13399128825
003     BCNR
008    260629s2568||||th 000 0 tha d
020    ^a9786166267488
041    ^atha
060  4 ^aWA20.5^bพ439ก 2568
100 0  ^aพลเทพ วิจิตรคุณากร
245 00 ^aการวิจัยทางการแพทย์ สาธารณสุข และการวิเคราะห์ข้อมูลด้วยโปรแกรม R =^bMedical and public health research with data analysis using R /^cพลเทพ วิจิตรคุณากร
246 31 ^aMedical and public health research with data analysis using R
250    ^aพิมพ์ครั้งที่ 2
260    ^aกรุงเทพฯ :^bสหมิตรพัฒนาการพิมพ์ (1992),^c2568
300    ^a426 หน้า :^bภาพประกอบ, ตาราง ;^c26 ซม.
505 0  ^aบทนำ -- การทบทวนวรรณกรรม -- ประชากร ตัวอย่าง การคำนวณขนาดตัวอย่างและการสุ่มตัวอย่าง -- ความถูกต้อง ความแม่นยำ ความลำเอียงและตัวแปรกวน -- รูปแบบการศึกษา -- ตัวแปรในงานวิจัย -- การเก็บรวบรวมข้อมูลและแบบเก็บข้อมูล -- แนะนำการใช้โปรแกรม R -- การจัดการข้อมูลด้วยโปรแกรม R -- การวัดทางระบาดวิทยาด้วยโปรแกรม R -- การวิเคราะห์ข้อมูลเชิงพรรณนาและอนุมานด้วยโปรแกรม R -- การวิเคราะห์การถดถอยเชิงเส้นด้วยโปรแกรม R -- การวิเคราะห์การถดถอยโลจิสติกด้วยโปรแกรม R -- การวิเคราะห์การรอดชีพด้วยโปรแกรม R -- การทดสอบเพื่อการวินิจฉัยด้วยโปรแกรม R -- การนำเสนอด้วยภาพ -- การเผยแพร่งานวิจัย
650  4 ^aการแพทย์^xวิจัย
650  4 ^aสถิติทางการแพทย์
650  4 ^aสถิติ^xประมวลผลข้อมูล
650  4 ^aสถิติ^xโปรแกรมคอมพิวเตอร์
650  4 ^aโปรแกรมอาร์
650  4 ^aการวิเคราะห์ข้อมูล^xแง่การแพทย์
710 2  ^aมหาวิทยาลัยสงขลานครินทร์. ^bคณะแพทยศาสตร์
999    ^aบรรณารักษ์
รายการนี้ยังไม่มีแท็ก
คุณยังไม่ได้ล็อกอิน คุณสามารถมีกิจกรรมร่วมกับเว็บไซต์ได้ แต่ต้องล็อกอินก่อน ::
  ล็อกอิน
ลำดับที่ ประเภท เลขเรียก/บาร์โค้ด สถานที่ สถานะ
1. หนังสือ
หนังสือ
WA20.5 พ439ก 2568 c.1 
  Barcode: 088067
ห้องสมุดสาขาหลัก
►หนังสือทั่วไป
On Shelf
*เพิ่งรับคืน
2. หนังสือ
หนังสือ
WA20.5 พ439ก 2568 c.2 
  Barcode: 088068
ห้องสมุดสาขาหลัก
►หนังสือทั่วไป
On Shelf
*เพิ่งรับคืน
3. หนังสือ
หนังสือ
WA20.5 พ439ก 2568 c.3 
  Barcode: 088069
ห้องสมุดสาขาหลัก
►หนังสือทั่วไป
On Shelf
*เพิ่งรับคืน
   [แสดง 3/3 รายการ]

รายการใกล้เคียง
    หัวเรื่อง [สถิติทางการแพทย์]

BibComment


ยังไม่เคยถูกคอมเมนท์

คอมเมนท์ทรัพยากรรายการนี้
  คอมเมนท์: การวิจัยทางการแพ..
Bib 13399128825

 
 
 

 Union Library Management : ULibM
Copyright 2026. All Rights Reserved.